|
|
|
|
| LEADER |
00000nam0a2200000 4500 |
| 001 |
53837 |
| 005 |
20231101211441.0 |
| 035 |
|
|
|a (RuTPU)RU\TPU\book\56434
|
| 090 |
|
|
|a 53837
|
| 100 |
|
|
|a 20030625d1979 m y0rusy50 ca
|
| 101 |
0 |
|
|a rus
|
| 102 |
|
|
|a RU
|
| 105 |
|
|
|a a j 001zy
|
| 200 |
1 |
|
|a Основы импульсной техники
|e учебное пособие
|f Ю. Н. Ерофеев
|
| 210 |
|
|
|a Москва
|c Высшая школа
|d 1979
|
| 215 |
|
|
|a 383 с.
|c ил.
|
| 320 |
|
|
|a Библиогр.: с. 380.
|
| 451 |
|
1 |
|0 (RuTPU)RU\TPU\book\56440
|y 5-06-000478-3
|t Импульсные устройства
|o учебное пособие
|f Ю. Н. Ерофеев
|e 3-е изд., перераб. и доп.
|c М.
|n Высшая школа
|d 1989
|p 526 с.
|a Ерофеев, Ю. Н.
|
| 606 |
1 |
|
|a Импульсная техника
|2 stltpush
|3 (RuTPU)RU\TPU\subj\12426
|9 39207
|
| 610 |
1 |
|
|a цифровые устройства
|
| 610 |
1 |
|
|a линейные цепи
|
| 610 |
1 |
|
|a импульсные устройства
|
| 610 |
1 |
|
|a нелинейные цепи
|
| 610 |
1 |
|
|a логические устройства
|
| 610 |
1 |
|
|a прямоугольные импульсы
|
| 610 |
1 |
|
|a напряжения
|
| 610 |
1 |
|
|a токи
|
| 610 |
1 |
|
|a полупроводниковые приборы
|
| 610 |
1 |
|
|a селекторы
|
| 610 |
1 |
|
|a учебные пособия
|
| 675 |
|
|
|a 621.374(075.8)
|v 3
|
| 700 |
|
1 |
|a Ерофеев
|b Ю. Н.
|g Юрий Николаевич
|
| 801 |
|
1 |
|a RU
|b 63413507
|c 20030625
|g PSBO
|
| 801 |
|
2 |
|a RU
|b 63413507
|c 20210902
|g PSBO
|
| 942 |
|
|
|c BK
|